| 000 | 02432nam0a2200409 4500 | ||
|---|---|---|---|
| 001 | RU\NLR\BIBL_A\022503911 | ||
| 005 | 20260420041949.0 | ||
| 010 |
_a978-5-6053218-5-9 _9500 |
||
| 021 |
_aRU _bКН-П-25-004050 _9КН-П-25-0390 |
||
| 035 | _a(NLR Aleph) 022503911 | ||
| 090 |
_a13671271 _c13671271 |
||
| 100 | _a20250327d2024 k y0rusy50 ca | ||
| 101 | 0 |
_arus _aeng |
|
| 102 | _aRU | ||
| 105 | _ay z 100zy | ||
| 181 | 0 |
_ai4 _baxxe |
|
| 182 | 0 | _an | |
| 200 | 1 |
_aEx oriente lux _eвосьмая Международная студенческая конференция востоковедов и африканистов, Санкт-Петербург, 22-23 ноября 2024 _eматериалы конференции _fСанкт-Петербургский государственный университет _gответственный редактор: канд. филол. наук А. В. Челнокова |
|
| 203 |
_aТекст _bвизуальный _cнепосредственный |
||
| 210 |
_aСанкт-Петербург _cРайт Принт Юг _d2024 |
||
| 215 |
_a179 с. _d21 |
||
| 300 | _aТекст ст. на рус. и англ. яз. | ||
| 606 | 1 |
_aВосточная филология _jСъезды, совещания и т.п _91194803 _3RU\NLR\AUTH\66164878 |
|
| 606 | 1 |
_aАфриканская филология _jСъезды, совещания и т.п _91057317 _3RU\NLR\AUTH\6691397 |
|
| 606 | 1 |
_aВостоковедение _jСъезды, совещания и т.п _91001606 _3RU\NLR\AUTH\6662213 |
|
| 606 | 1 |
_aАфриканистика _jСъезды, совещания и т.п _91057011 _3RU\NLR\AUTH\6691224 |
|
| 686 | 1 | _aШ050я431 | |
| 686 | 1 | _aШ076я431 | |
| 686 | 1 | _aТ3(5)я431 | |
| 702 | 1 |
_4340 _7ca _8rus _aЧелнокова _bА. В. _gАнна Витальевна _9195144 _3RU\NLR\AUTH\770195195 |
|
| 711 | 1 | 2 |
_aМеждународная студенческая конференция востоковедов и африканистов _d8 _eСанкт-Петербург _f2024 _92658336 _3RU\NLR\AUTH\880625968 |
| 712 | 0 | 2 |
_4557 _aСанкт-Петербургский государственный университет _9585805 _3RU\NLR\AUTH\8810043151 |
| 942 | _cBOOK | ||
| 980 | _aNB | ||